000 00297nam a22001337a 4500
008 170519b xxu||||| |||| 00| 0 eng d
020 _a9781572581852
041 _aeng
080 _a94
100 _a16
101 _aSHH
245 _aHISTORY OF THE WALDENSES
_cWYLIE.J.A
942 _2udc
_cBK
999 _c13592
_d13592